La educación de adultos como teoría, practica e investigación ; El triángulo cautivo
Uloženo v:
| Hlavní autor: | |
|---|---|
| Další autoři: | |
| Médium: | Kniha |
| Jazyk: | španělština |
| Vydáno: |
Madrid
Morata
1992
|
| Témata: | |
| Tagy: |
Přidat tag
Žádné tagy, Buďte první, kdo vytvoří štítek k tomuto záznamu!
|
MARC
| LEADER | 00000nam a22000005a 4500 | ||
|---|---|---|---|
| 003 | CL-ChBUA | ||
| 005 | 20120815103813.0 | ||
| 008 | 070621s1992 sp ||||| |||| 000 ||spa | ||
| 020 | |a 847112369x | ||
| 040 | |a CL-ChBUA |c CL-ChBUA | ||
| 082 | |a 374.072 | ||
| 090 | |c 21499 |d 21499 | ||
| 100 | 1 | |a Usher, Robin | |
| 245 | 1 | 0 | |a La educación de adultos como teoría, practica e investigación ; |b El triángulo cautivo |
| 260 | |a Madrid |b Morata |c 1992 | ||
| 300 | |a 190 p. |c 25 cm. | ||
| 504 | |a Bibl., índice | ||
| 650 | 4 | |a EDUCACION DE ADULTO - INVESTIGACIONES | |
| 650 | 4 | |a INVESTIGACION - ACCION EN EDUCACION | |
| 700 | 1 | |a Bryant, Jan | |
| 942 | |c LIB | ||
| 952 | |0 0 |1 0 |2 ddc |4 0 |6 374_072000000000000_US_85 |7 0 |9 30369 |a UNACH |b UNACH |c 300 |d 2007-06-21 |i 40.201 |l 0 |o 374.072 / Us 85 |p 31423 |r 2025-04-09 00:00:00 |u 30369 |w 2012-08-08 |y LIB | ||
| 999 | |c 21499 |d 21499 | ||